00248nam a2200109Ia 4500008004100000041000800041082002100049100001800070245001700088260002400105300000900129230519s9999 xx 000 0 und d aeng aX/891/KAL/DB0665 aKalsait Sagar aCollege Gate bChaprakapunec2017 a328p